CF DEMEOC - géoéconomie de la Chine (1) - Statistiques

Statistiques générales
  • Ce quiz a été pris 36 fois
  • Le résultat moyen est 11 sur 20
Statistiques - réponses
Hint Réponse % Correct
La RPC s'est inspirée des structures politiques, économiques et sociales de l'... URSS
100%
Le .../habitant en Chine est inégalitaire dans l'ensemble des provinces et régions PIB
89%
Les ... et les villes ... n'ont pas joué un rôle de 1er plan dans la modernisation du pays à partir des années 1980 campagnes / rurales
84%
En quelle année est lancé le Grand bond en avant ? 1958
79%
En quelle année la République populaire de Chine a-t-elle intégré l'Organisation mondiale du commerce ? 2001
68%
Le détroit de ... est un point de passage stratégique pour les navires de commerce chinois Malacca
68%
Attributs du 'capitalisme d'état' chinois : une rationalité de plan et un régime ... autoritaire
63%
A quel président chinois est associé le concept de "développement scientifique" ? Hu Jintao
63%
La puissance économique de la Chine en ... du pouvoir d'achat est plus faible que celle des Etats-Unis parité
63%
Quelle est l'année du "voyage d'inspection au Sud" de Deng Xiaoping ? 1992
58%
La Chine est devenue dépendante de ses importations de pétrole en ... 1996
53%
"L'économie socialiste de marché" a été théorisée par ... Deng Xiaoping
47%
Quels sont les principaux secteurs d'investissement chinois en Afrique ? les ressources ... et les ... (écrire un des deux) énergétiques / infrastructures
42%
Nommer les quatre 1ères zones économiques spéciales établies en 1980 (donner un nom) Shenzhen / Zhuhai / Shantou / Xiamen
37%
La Chine a été à l'initiative du ... (projet d'accord de libre échange entre les pays autour du pacifique) (donner l'acronyme) RCEP / partenariat économique régional global
32%
... est le vice-président de la RPC depuis mars 2023 Han Zheng
26%
Quel est le nom du plan sur lequel s'est d'abord articulé le technonationalisme chinois ? Made in China 2025
26%
On doit la notion d'Etat développementaliste à ... Chalmers Johnson
21%
La ... joue un rôle déterminant dans les politiques macroéconomiques de la RPC. (donner acronyme anglais) Commission chinoise d'administration et de supervision des actifs publics / SASAC
21%
Quelle province chinoise a joué un rôle de 1er plan dans la création des "clusters industriels" au début des années 1990 : le ... Guangdong
21%
Aucun quiz correspondant
Distribution des résultats
% des personnes avec chaque résultat
Percentile par nombre de réponses
Votre historique - résultats
Vous n’avez pas pris ce quiz